000 00593nam a2200229Ia 4500
003 OSt
005 20221007074817.0
006 a|||||r|||| 00| 0
007 ta
008 221006b |||||||| |||| 00| 0 eng d
024 _a10,376
037 _cTextual
040 _aFLL
_cFLL
_beng
041 _2eng
_aeng
082 _a902, L7
100 _aMirchandani G.G. Ed.
245 0 _aReporting india 1976
260 _aNew Delhi
_bAbhinav publications India
_c1977
300 _a307p
_ccm.
942 _h902, L7
_cTEXL
_2CC
999 _c1153758
_d1153758